000
00312nam a22001337a 4500
008
170516b xxu||||| |||| 00| 0 eng d
020
_a
2900078049964
041
_a
eng
080
_a
94(7/8)
100
_a
16
101
_a
SHH
245
_a
TAKING SIDES UNITED SATES HISTORY
_c
MADARAR.L
942
_2
udc
_c
BK
999
_c
13383
_d
13383